Bringing nature home : (Record no. 18457)

000 -LEADER
fixed length control field 00659cam a22002054a 4500
020 ## - INTERNATIONAL STANDARD BOOK NUMBER
ISBN 9780881928549
020 ## - INTERNATIONAL STANDARD BOOK NUMBER
ISBN 0881928542
040 ## - CATALOGING SOURCE
Transcribing agency DLC
082 00 - DEWEY DECIMAL CLASSIFICATION NUMBER
Classification number 639 TIM 2007 C145 Or.
100 1# - MAIN ENTRY--AUTHOR NAME
Personal name Tallamy, Douglas W.
245 10 - TITLE STATEMENT
Title Bringing nature home :
Remainder of title how native plants sustain wildlife in our gardens /
260 ## - PUBLICATION, DISTRIBUTION, ETC. (IMPRINT)
Place of publication Portland, Or. :
Name of publisher Timber Press,
Year of publication 2007.
300 ## - PHYSICAL DESCRIPTION
Number of Pages 288 p. :
Other physical details col. ill. ;
Dimensions 24 cm.
650 #0 - SUBJECT ADDED ENTRY--TOPICAL TERM
Topical Term Native plants for cultivation
650 #0 - SUBJECT ADDED ENTRY--TOPICAL TERM
Topical Term Natural landscaping
650 #0 - SUBJECT ADDED ENTRY--TOPICAL TERM
Topical Term Animal-plant relationships
650 #0 - SUBJECT ADDED ENTRY--TOPICAL TERM
Topical Term Insect-plant relationships
856 41 - ELECTRONIC LOCATION AND ACCESS
Uniform Resource Identifier http://www.loc.gov/catdir/toc/ecip0714/2007012552.html
942 ## - ADDED ENTRY ELEMENTS (KOHA)
Koha item type ADB
952 ## - LOCATION AND ITEM INFORMATION (KOHA)
Withdrawn status [LOCAL, KOHA] 0
Holdings
Source of acquisition Permanent Location Date acquired Koha item type Lost status Shelving location Current Location Full call number
A35447Library Block C2019-12-04សៀវភៅភាសាអង់គ្លេស C145Library Block C639 TIM 2007 C145 Or.
មជ្ឈមណ្ឌលឯការនៃសាកលវិទ្យាល័យភូមិន្ទកសិកម្មចំការដូង

Powered by Koha